Statistics for Amino Acids

Click here to take the quiz!

General Stats

  • This quiz has been taken 1,230 times
  • The average score is 13 of 20

Answer Stats

SymbolAmino Acid% Correct
AAlanine
85%
LLeucine
80%
IIsoleucine
76%
CCysteine
72%
VValine
72%
GGlycine
71%
FPhenylalanine
70%
WTryptophan
69%
EGlutamic Acid
68%
MMethionine
67%
QGlutamine
65%
DAspartic Acid
64%
KLysine
64%
PProline
64%
SSerine
64%
YTyrosine
63%
TThreonine
58%
NAsparagine
56%
RArginine
55%
HHistadine
31%

Score Distribution

Percentile by Number Answered

Percent of People with Each Score

Your Score History

You have not taken this quiz